دليل المسلم الحزين / (Record no. 15898)
[ view plain ]
| 000 -الفاتح | |
|---|---|
| حقل البيانات ثابتة الطول | 00736nam a22001817a 4500 |
| 008 - عناصر البيانات ثابتة الطول - معلومات عامة | |
| حقل البيانات ثابتة الطول | 110823s2007 ua||||| |||| 00| 0 ara d |
| 082 ## - رقم تصنيف ديوى العشرى | |
| رقم الطبعة | 22 |
| رقم التصنيف | 297.09 |
| رقم المادة | أ م ي |
| 100 1# - المدخل الرئيسى - إسم شخصى | |
| 9 (RLIN) | 26341 |
| الإسم الشخصى | أمين ، حسين أحمد |
| 245 ## - بيان العنوان | |
| العنوان | دليل المسلم الحزين / |
| بيان المسئوليه,etc | حسين أحمد أمين |
| 250 ## - بيان الطبعة | |
| بيان الطبعة | ط 11. |
| 260 ## - PUBLICATION, DISTRIBUTION, ETC. (IMPRINT) | |
| مكان الناشر او الموزع | القاهرة : |
| اسم الناشر او الموزع | دار العين للنشر ، |
| تاريخ النشر أو التوزيع | 2007. |
| 300 ## - الوصف المادى | |
| التعداد | 207 ص ؛ |
| أبعاد الوعاء | 24 سم. |
| 650 #0 - المدخل الاضافى بالموضوع-مصطلح موضوعى | |
| 9 (RLIN) | 26859 |
| مصطلح موضوعي أو اسم جغرافي كعنصر مدخل | الاسلام |
| التقسيم الفرعي العام | تاريخ |
| 650 #0 - المدخل الاضافى بالموضوع-مصطلح موضوعى | |
| 9 (RLIN) | 26861 |
| مصطلح موضوعي أو اسم جغرافي كعنصر مدخل | الاسلام |
| التقسيم الفرعي العام | القرن العشرين |
| 653 ## - مصطلح تكشيفى غير مقيد | |
| Resource For college | |
| Arrived date list | August2011 |
| 942 ## - عناصر المدخل الإضافي( كوها) | |
| مصدر التصنيف او مخطط الترفيف | Dewey Decimal Classification |
| Koha [default] item type | Book - Borrowing |
| حالة التراجع | حالة الفقد | مصدر التصنيف او خطة الترفيف | حالة تلف | ليس للاعارة | مجموعات كوها | المكان الدائم | المكان الحالي | موقع الترفيف | تاريخ الاكتساب | رقم الاستدعاء | الباركود | Date last seen | نوع الوعاء |
|---|---|---|---|---|---|---|---|---|---|---|---|---|---|
| Dewey Decimal Classification | Alef-Baa | Central Library | Central Library | Lower Floor | 23/08/2011 | 297.09 أ م ي | 000024586 | 15/07/2025 | Book - Borrowing |